| 000 | 00502 a2200169 4500 | ||
|---|---|---|---|
| 999 |
_c4754 _d4754 |
||
| 020 | _a0716726955 | ||
| 050 | _aRC454 COM 1995 | ||
| 100 |
_aNicolai, Katherine M. _eauthor |
||
| 245 |
_aStudent workbook for comer's abnormal psychology / _cKatherine M. Nicolai |
||
| 250 | _a2nd ed. | ||
| 264 |
_aNew York : _bW. H. Freeman and Company, _c1995 |
||
| 300 |
_a394p. : _bill. |
||
| 500 | _aIncludes index | ||
| 650 | _aAbnormal psychology | ||
| 700 | _aComer, Ron | ||
| 942 |
_2lcc _cBK _e2nd ed. _h454 _iCOM _kRC |
||